Sports Quiz

Random Sports or College Quiz
Score 0/40 Timer 05:00
0 Plays Today
% Correct
Georgia
90.4%
Oklahoma St
85.3%
California
84.6%
USC
82.1%
Georgia
81.4%
Georgia Tech
80.1%
Miami
78.8%
Florida
78.2%
California
77.6%
California
75%
USC
74.4%
New Mexico
71.8%
Arkansas
69.9%
Notre Dame
69.9%
Ohio State
69.2%
Miami
69.2%
Arkansas
67.9%
Florida
66.7%
Georgia Tech
65.4%
UCLA
65.4%
% Correct
Kansas St
61.5%
Pittsburgh
60.9%
North Carolina
58.3%
North Carolina St
57.7%
Hofstra
57.7%
Ole Mississippi
57.1%
Chadron St
56.4%
Fresno St
55.8%
Oregon St
54.5%
Notre Dame
50.6%
Northern Illinois
50.6%
Rutgers
50.6%
Utah
48.1%
Central Michigan
45.5%
Coe
44.9%
Kent St
42.9%
Florida Atlantic
42.3%
Western Michigan
41.7%
Alabama Birmingham
40.4%
Virginia Tech
36.5%

You're not logged in!

Compare scores with friends on all Sporcle quizzes.
OR
Log In

Sporcle TV

Today on Sporcle TV


Watch our educational content, quiz creation guides, and fun videos on Sporcle TV.

Show Comments

Extras

Created Dec 12, 2012ReportNominate
Tags:College Quiz, NFL Quiz, Player

Top Quizzes Today


Score Distribution

Paid Content

Your Account Isn't Verified!

In order to create a playlist on Sporcle, you need to verify the email address you used during registration. Go to your Sporcle Settings to finish the process.

Report this User

Report this user for behavior that violates our Community Guidelines.

Details: